| 000 | 00669nam a2200217 a 4500 | ||
|---|---|---|---|
| 005 | 20240911063659.0 | ||
| 008 | 030604s1996 mx r 000 0 spa d | ||
| 020 | _a9508920262 | ||
| 035 | _aUPN01000124997 | ||
| 049 | _aCG | ||
| 050 | 4 |
_aHV875.58 A7 _bP6.3 |
|
| 245 | 0 | 3 |
_aEl poder, el no poder y la adopción : _bperspectivas éticas / _ccomp. Eva Giberti. |
| 260 |
_aBuenos Aires : _bLugar, _cc1996. |
||
| 300 | _a147 p. | ||
| 650 | 2 |
_aAdopción _91040 |
|
| 650 | 0 |
_aAdopción _xLeyes y legislación _zArgentina _9195 |
|
| 650 | 0 |
_aAdopción _zArgentina _9199 |
|
| 650 | 4 |
_aADOPCION - _xASPECTOS PSICOLOGICOS _9201 |
|
| 700 | 1 |
_aGiberti, Eva, _dcomp. |
|
| 905 | _aLibro | ||
| 999 |
_c97176 _d97176 |
||